00283nam a2200109Ia 4500008004100000082001700041100000500058245003700063260004300100300000500143700002500148140316s9999 xx 000 0 und d a01.2bGAL/BA a aBank probationary officers guide aNew DelhibGalgotia Publicationsc1992 a aGalgotia Publication